| 000 | 00570nam a2200169Ia 4500 | ||
|---|---|---|---|
| 008 | 240729s9999 xx 000 0 und d | ||
| 022 | _a2812-5460 | ||
| 245 | 4 | _aThe Egyptian Journal of Intensive Care and Emergency Medicine | |
| 260 | _aEgypt | ||
| 260 | _bBeni-Suef University, Faculty of Medicine, Critical Care Department | ||
| 650 | _a Internal medicine | ||
| 650 | _a Medical emergencies. Critical care. Intensive care. First aid | ||
| 650 | _aMedicine | ||
| 856 | _uhttps://doaj.org/toc/05fafbc66b5c4afd98cea69f018c8f7b | ||
| 942 | _2ddc | ||
| 942 | _cDOAJEJ | ||
| 999 |
_c73571 _d73571 |
||
| 945 |
_a1 _bMadushi Gamage _c1 _dMadushi Gamage |
||